Report on the fair prices for Rayon Tyre Cord (Record no. 489774)

000 -LEADER
fixed length control field 00430cam a22001337a 4500
008 - FIXED-LENGTH DATA ELEMENTS--GENERAL INFORMATION
fixed length control field 180718b1974 xxu||||| |||| 00| 0 eng d
082 ## - DEWEY DECIMAL CLASSIFICATION NUMBER
Classification number T3942x54 In2/RTC/1972
100 ## - MAIN ENTRY--PERSONAL NAME
Personal name Tariff Commission
245 ## - TITLE STATEMENT
Title Report on the fair prices for Rayon Tyre Cord
Statement of responsibility, etc. by Tariff Commission, India
260 ## - PUBLICATION, DISTRIBUTION, ETC.
Place of publication, distribution, etc. Delhi
Name of publisher, distributor, etc. The Controller of Publications
Date of publication, distribution, etc. 1974
300 ## - PHYSICAL DESCRIPTION
Extent 47+p.
500 ## - GENERAL NOTE
General note Chairman: D.P. Anand
700 ## - ADDED ENTRY--PERSONAL NAME
Personal name Anand, D.P. (Chairman)
Holdings
Withdrawn status Lost status Damaged status Not for loan Permanent Location Current Location Date acquired Full call number Barcode Date last seen Price effective from Koha item type
        Indian Institute of Public Administration Indian Institute of Public Administration 2018-08-04 T3942x54 In2/RTC/1972 GG16032 2018-08-04 2018-08-04 GG

Powered by Koha